| 000 | 02204nam0a2200445 i 4500 | ||
|---|---|---|---|
| 001 | RU\NLR\BIBL_A\011098282 | ||
| 005 | 20260407093017.0 | ||
| 021 |
_aRU _b2016-17771 _91148 |
||
| 029 | 1 | 0 |
_aRU _b31610.0-2014 _cГОСТ |
| 029 | 1 | 0 |
_aRU _b60079-0:2011 _cIEC |
| 035 | _a(NILC)RuMoRGB-008234254 | ||
| 035 | _a(NLR Aleph) 011098282 | ||
| 090 |
_a11405400 _c11405400 |
||
| 100 | _a20160407d2015 k y0rusy50 ca | ||
| 101 | 0 | _arus | |
| 102 | _aRU | ||
| 105 | _aa l 000|y | ||
| 200 | 1 |
_aВзрывоопасные среды _hЧ. 0 _iОборудование _eОбщие требования _dExplosive atmospheres. Part 0. Equipment. General requirements _zeng _eГОСТ 31610.0-2014 _eIEC 60079-0:2011 _fподгот. Ех-стандарт (АННО "Ex-стандарт") |
|
| 205 | _aИзд. офиц. | ||
| 210 |
_aМосква _cСтандартинформ _d2015 |
||
| 215 |
_aVIII, 80 с. _cил. _d29 |
||
| 225 | 1 |
_aМежгосударственный стандарт _fМежгос. совет по стандартизации, метрологии и сертификации |
|
| 239 | _aВвед. 01.12.2016 | ||
| 320 | _aБиблиогр.: с. 77-79 (46 назв.) | ||
| 510 | 1 |
_aExplosive atmospheres _zeng |
|
| 510 | 1 |
_aEquipment. General requirements _zeng |
|
| 517 | 1 | _aГОСТ 31610.0-2014 | |
| 517 | 1 | _aIEC 60079-0:2011 | |
| 606 |
_aВзрывобезопасное электрооборудование _jСтандарты _91097576 _3RU\NLR\AUTH\66112208 |
||
| 610 | 0 | _aэлектрическое оборудование для работы в особых условиях | |
| 675 | _a621.3.002:5:006.354 | ||
| 686 |
_a29.260 _v2003 _2oks |
||
| 686 | 1 | _aЗ260.22я861 | |
| 712 | 0 | 2 |
_4900 _a"Ех-стандарт", автономная некоммерческая национальная организация _cМосква _9535665 _3RU\NLR\AUTH\880435668 |
| 712 | 0 | 2 |
_4725 _aМежгосударственный совет по стандартизации, метрологии и сертификации _9321571 _3RU\NLR\AUTH\8823529 |
| 801 | 0 |
_aRU _bРГБ _c20160303 _gRCR |
|
| 942 | _cBOOK | ||
| 980 | _aNBR | ||